| 000 | 00736nam a2200241Ia 4500 | ||
|---|---|---|---|
| 003 | OSt | ||
| 005 | 20230518150027.0 | ||
| 008 | 210423s2016 xx 000 0 und d | ||
| 020 | _a978-1-316-60836-4 | ||
| 040 | _cAL | ||
| 041 | _aeng | ||
| 082 | _a581.722 JONP | ||
| 100 |
_aJONES (Hamlyn G) _9108421 |
||
| 245 | _aPlants and microclimate: a quantitative approach to environmental plant physiology Ed 3 | ||
| 250 | _a3 | ||
| 260 |
_aDelhi _bCambridge University Press _c2016 |
||
| 300 |
_axvii,407 _bPB |
||
| 365 |
_b1700 _cINR |
||
| 650 |
_aBotanical Sciences _9108422 |
||
| 650 |
_aBotany _9108423 |
||
| 906 | _aapproach ; Ed ; environmental ; microclimate: ; physiology ; plant ; Plants ; quantitative | ||
| 942 |
_2ddc _cBK |
||
| 999 |
_c167773 _d167773 |
||